[Event "49th Biel Master Open"]
[Site "Biel SUI"]
[Date "2016.07.29"]
[Round "5.12"]
[White "Mroziak, Maciej"]
[Black "Khairullin, Ildar"]
[Result "0-1"]
[BlackTitle "GM"]
[WhiteElo "2306"]
[BlackElo "2629"]
[WhiteFideId "1139665"]
[BlackFideId "4151348"]
[EventDate "2016.07.25"]

1. e4 e5 2. Nf3 Nc6 3. d4 exd4 4. Nxd4 Nf6 5. Nxc6 bxc6 6. e5 Qe7 7. Qe2 Nd5 8.
c4 Nb6 9. Nc3 Bb7 10. Bd2 g6 11. Ne4 O-O-O 12. O-O-O c5 13. f4 d6 14. Bc3 Bh6
15. Nd2 Na4 16. Ba5 dxe5 17. b3 Nb6 18. fxe5 Rhe8 19. Bc3 Nd7 20. Qg4 Qg5 21.
Be2 Qe3 22. Kb2 f5 23. Qh4 Bg5 24. Qe1 Nxe5 25. Nf3 Rxd1 26. Qxd1 Bf6 27. Qc2
Be4 28. Qd2 Qxd2+ 29. Nxd2 Bxg2 0-1

[Event "49th Biel Master Open"]
[Site "Biel SUI"]
[Date "2016.07.29"]
[Round "5.13"]
[White "Baklan, Vladimir"]
[Black "Karthikeyan, Murali"]
[Result "1-0"]
[WhiteTitle "GM"]
[BlackTitle "GM"]
[WhiteElo "2618"]
[BlackElo "2513"]
[WhiteFideId "14102196"]
[BlackFideId "5074452"]
[EventDate "2016.07.25"]

1. e4 e5 2. Nf3 Nc6 3. Bb5 a6 4. Ba4 Nf6 5. O-O Be7 6. Re1 b5 7. Bb3 d6 8. a4
Bg4 9. c3 O-O 10. h3 Bh5 11. d3 Na5 12. Bc2 c5 13. Nbd2 c4 14. axb5 axb5 15. Qe2
Qc7 16. dxc4 bxc4 17. Ra4 Rfc8 18. Nf1 Nd7 19. Be3 Bg6 20. Rea1 Bd8 21. Qd1 Qc6
22. N3d2 Qb7 23. R1a2 d5 24. exd5 Bxc2 25. Qxc2 Qxd5 26. Qe4 Qxe4 27. Nxe4 Rab8
28. Rxa5 Bxa5 29. Rxa5 Rc7 30. g4 f6 31. Nfd2 Rxb2 32. Nd6 h6 33. N2xc4 Rc2 34.
Ra3 Kh7 35. Kf1 Nc5 36. Ne8 Rc6 37. Ra7 Rxc3 38. Ncd6 Kh8 39. Nf7+ Kg8 40. Nxg7 1-0

[Event "49th Biel Master Open"]
[Site "Biel SUI"]
[Date "2016.07.29"]
[Round "5.14"]
[White "Al-Sayed, Mohammed"]
[Black "Swayams, Mishra"]
[Result "1/2-1/2"]
[WhiteTitle "GM"]
[BlackTitle "IM"]
[WhiteElo "2524"]
[BlackElo "2457"]
[WhiteFideId "12100196"]
[BlackFideId "5028183"]
[EventDate "2016.07.25"]

1. g3 d5 2. Nf3 c5 3. Bg2 Nc6 4. d4 e6 5. O-O Nf6 6. c4 dxc4 7. dxc5 Qxd1 8.
Rxd1 Bxc5 9. Nbd2 c3 10. bxc3 O-O 11. Nb3 Be7 12. Nfd4 Bd7 13. Nxc6 Bxc6 14.
Bxc6 bxc6 15. c4 a5 16. f3 Rfb8 17. Kf2 e5 18. Be3 Rb4 19. Rac1 h6 20. Rc2 Rab8
21. Bc5 Kf8 22. Bd6 Bxd6 23. Rxd6 Rc8 24. c5 Ke7 25. Nd2 Nd7 26. Nc4 Nxc5 27.
Rdd2 Nd7 28. Nd6 1/2-1/2

[Event "49th Biel Master Open"]
[Site "Biel SUI"]
[Date "2016.07.29"]
[Round "5.15"]
[White "Rodshtein, Maxim"]
[Black "Baenziger, Fabian"]
[Result "1-0"]
[WhiteTitle "GM"]
[BlackTitle "FM"]
[WhiteElo "2698"]
[BlackElo "2318"]
[WhiteFideId "2806851"]
[BlackFideId "1330110"]
[EventDate "2016.07.25"]

1. d4 d5 2. c4 dxc4 3. e3 Nf6 4. Bxc4 g6 5. Nf3 Bg7 6. Nc3 O-O 7. O-O Nc6 8. h3
a6 9. a3 b5 10. Ba2 Nd7 11. Qc2 Bb7 12. Rd1 Qc8 13. e4 Nb6 14. Bf4 Nd8 15. Rac1
Ne6 16. Be3 Nc4 17. Bxc4 bxc4 18. d5 Nd8 19. Na4 e6 20. Qxc4 f5 21. Ng5 exd5 22.
exd5 h6 23. d6+ Kh8 24. dxc7 hxg5 25. Nb6 Qe6 26. Nxa8 1-0

[Event "49th Biel Master Open"]
[Site "Biel SUI"]
[Date "2016.07.29"]
[Round "5.16"]
[White "Jumabayev, Rinat"]
[Black "Nezad, Husein Aziz"]
[Result "1-0"]
[WhiteTitle "GM"]
[BlackTitle "IM"]
[WhiteElo "2613"]
[BlackElo "2419"]
[WhiteFideId "13702661"]
[BlackFideId "12100293"]
[EventDate "2016.07.25"]

1. d4 Nf6 2. c4 g6 3. Nc3 Bg7 4. e4 d6 5. Nf3 O-O 6. Be2 e5 7. O-O Nc6 8. d5 Ne7
9. b4 Nh5 10. c5 Nf4 11. Bxf4 exf4 12. Rc1 a5 13. a3 axb4 14. axb4 f5 15. exf5
Nxf5 16. Nb5 Bd7 17. c6 bxc6 18. dxc6 Be6 19. Re1 Kh8 20. Bc4 Bxc4 21. Rxc4 Rb8
22. Nbd4 Nxd4 23. Nxd4 Bxd4 24. Qxd4+ Qf6 25. Qxf6+ Rxf6 26. Re7 d5 27. Rc5 Rxb4
28. h4 Rd6 29. Rxc7 Rb6 30. Ra5 Rb8 31. Raa7 h5 32. Rh7+ Kg8 33. Rag7+ Kf8 34.
Rb7 1-0

[Event "49th Biel Master Open"]
[Site "Biel SUI"]
[Date "2016.07.29"]
[Round "5.17"]
[White "Vernay, Clovis"]
[Black "Bartel, Marta"]
[Result "1-0"]
[WhiteTitle "IM"]
[BlackTitle "WGM"]
[WhiteElo "2507"]
[BlackElo "2260"]
[WhiteFideId "633046"]
[BlackFideId "1123009"]
[EventDate "2016.07.25"]

1. d4 f5 2. c4 Nf6 3. Nc3 d6 4. g3 g6 5. Bg2 Bg7 6. Nh3 O-O 7. d5 c6 8. O-O e5
9. dxe6 Bxe6 10. Qb3 Qc7 11. Ng5 Re8 12. Bf4 Nbd7 13. Rfd1 Ne5 14. Bxe5 dxe5 15.
e4 fxe4 16. Nxe6 Rxe6 17. c5 Qf7 18. Bf1 Bf8 19. Bc4 Rae8 20. Bxe6 Rxe6 21. Rd8
Kg7 22. Rb8 Re7 23. Qxf7+ Rxf7 24. b4 Nd5 25. Nxd5 cxd5 26. Rd8 d4 27. Re1 a5
28. a3 axb4 29. axb4 b6 30. cxb6 Rb7 31. Rxe4 Be7 32. Rd5 Bxb4 33. Rexe5 Rxb6
34. Rxd4 1-0

[Event "49th Biel Master Open"]
[Site "Biel SUI"]
[Date "2016.07.29"]
[Round "5.18"]
[White "Das, Arghyadip"]
[Black "Bellaiche, Anthony"]
[Result "1/2-1/2"]
[WhiteTitle "IM"]
[BlackTitle "IM"]
[WhiteElo "2457"]
[BlackElo "2499"]
[WhiteFideId "5003610"]
[BlackFideId "615668"]
[EventDate "2016.07.25"]

1. e4 c5 2. Nf3 e6 3. d4 cxd4 4. Nxd4 Nc6 5. Nc3 Qc7 6. f4 Nxd4 7. Qxd4 a6 8.
Be3 b5 9. O-O-O Bb7 10. Kb1 Rc8 11. Bd3 f6 12. Rhe1 e5 13. Qa7 Bb4 14. Bb6 Qc6
15. Nd5 Bxe1 16. Rxe1 Ne7 17. Ba5 d6 18. Nb6 Rd8 19. Nd5 Rd7 20. Nb6 Nc8 21. Qb8
Rf7 22. fxe5 fxe5 23. c4 O-O 24. cxb5 axb5 25. Rc1 Nxb6 26. Rxc6 Rxb8 27. Rxb6
Rc8 28. a3 Bc6 29. Bb4 Rb7 30. Ra6 Kf7 31. Bc2 Ke7 32. Ka2 Kd7 33. Bd1 Rcc7 34.
Bg4+ Ke7 35. g3 g6 36. h4 h5 37. Bh3 Ra7 38. Rb6 Rab7 39. Ra6 Ra7 40. Rb6 Ra8
41. Bf1 Rd8 42. Bd3 Rcc8 43. Ra6 Be8 44. Ba5 Bf7+ 45. Kb1 Rd7 46. Bxb5 Rb7 47.
Bc6 Rbb8 48. Bb4 Bc4 49. Ra7+ Kf6 50. Bxd6 Rb3 51. Be7+ Kf7 52. Bd6+ Kg8 53. Bd7
Rd8 54. Bxe5 Rd3 55. Bf6 Rf8 56. Be6+ Bxe6 57. Rg7+ Kh8 58. Rf7+ Kg8 59. Rg7+ 1/2-1/2

[Event "49th Biel Master Open"]
[Site "Biel SUI"]
[Date "2016.07.29"]
[Round "5.19"]
[White "Horvath, Adam1"]
[Black "Masse, Hugues"]
[Result "1-0"]
[WhiteTitle "GM"]
[WhiteElo "2498"]
[BlackElo "2204"]
[WhiteFideId "708003"]
[BlackFideId "2604264"]
[EventDate "2016.07.25"]

1. e4 e6 2. d4 d5 3. Nd2 Be7 4. e5 Nh6 5. Bd3 c5 6. c3 cxd4 7. cxd4 Nc6 8. Ne2
Nf5 9. Nf3 Nh4 10. Nxh4 Bxh4 11. O-O O-O 12. Be3 f5 13. exf6 Bxf6 14. Rc1 Bd7
15. Bb1 g6 16. Qd2 Rc8 17. Rc3 Ne7 18. Rfc1 Rxc3 19. Rxc3 Bg7 20. Bg5 Bf6 21.
Bxf6 Rxf6 22. Nf4 Nc6 23. h4 Qb6 24. Ne2 Rf7 25. h5 gxh5 26. Qh6 Qd8 27. Rg3+
Kh8 28. Nf4 Qf8 29. Ng6+ 1-0

[Event "49th Biel Master Open"]
[Site "Biel SUI"]
[Date "2016.07.29"]
[Round "5.20"]
[White "Galdunts, Sergey"]
[Black "Bellahcene, Bilel"]
[Result "0-1"]
[WhiteTitle "GM"]
[BlackTitle "IM"]
[WhiteElo "2415"]
[BlackElo "2498"]
[WhiteFideId "13300067"]
[BlackFideId "696358"]
[EventDate "2016.07.25"]

1. e4 c5 2. Nf3 d6 3. d4 cxd4 4. Nxd4 Nf6 5. Nc3 a6 6. Be3 e5 7. Nf3 Qc7 8. a4
Be7 9. Be2 O-O 10. a5 Nc6 11. Bb6 Qd7 12. Nd2 Nd4 13. Nc4 Nxe2 14. Qxe2 Qc6 15.
Qd3 Be6 16. Ne3 Rfe8 17. O-O Rac8 18. Ncd5 Bxd5 19. exd5 Qd7 20. c4 Bd8 21. Bxd8
Qxd8 22. b4 Nd7 23. Nf5 Qf6 24. f3 g6 25. Ng3 Qe7 26. Rfe1 f5 27. Nf1 e4 28.
fxe4 Ne5 29. Qb3 Rxc4 30. exf5 Qh4 31. fxg6 hxg6 32. Rac1 Qd4+ 0-1

[Event "49th Biel Master Open"]
[Site "Biel SUI"]
[Date "2016.07.31"]
[Round "6.1"]
[White "Aravindh, Chithambaram VR."]
[Black "Shankland, Samuel L"]
[Result "1/2-1/2"]
[WhiteTitle "GM"]
[BlackTitle "GM"]
[WhiteElo "2543"]
[BlackElo "2661"]
[WhiteFideId "5072786"]
[BlackFideId "2004887"]
[EventDate "2016.07.25"]

1. e4 e5 2. Nf3 Nc6 3. Bb5 Nf6 4. d3 Bc5 5. Bxc6 dxc6 6. Qe2 Qe7 7. Nbd2 Bg4 8.
h3 Bh5 9. a3 Nd7 10. Nc4 f6 11. Bd2 O-O-O 12. b4 Bd6 13. Qe3 Kb8 14. Nh4 Nf8 15.
Nf5 Qd7 16. Ng3 Bf7 17. Nxd6 cxd6 18. f4 Ne6 19. Qf2 exf4 20. Bxf4 Nxf4 1/2-1/2

[Event "49th Biel Master Open"]
[Site "Biel SUI"]
[Date "2016.07.31"]
[Round "6.2"]
[White "Bartel, Mateusz"]
[Black "Safarli, Eltaj"]
[Result "1/2-1/2"]
[WhiteTitle "GM"]
[BlackTitle "GM"]
[WhiteElo "2649"]
[BlackElo "2678"]
[WhiteFideId "1112635"]
[BlackFideId "13402129"]
[EventDate "2016.07.25"]

1. e4 e5 2. Nf3 Nc6 3. Bb5 a6 4. Ba4 d6 5. O-O Bd7 6. c3 g6 7. d4 Bg7 8. Be3 Nf6
9. Nbd2 O-O 10. h3 h6 11. Bb3 Re8 12. Re1 exd4 13. Bxd4 Be6 1/2-1/2

[Event "49th Biel Master Open"]
[Site "Biel SUI"]
[Date "2016.07.31"]
[Round "6.3"]
[White "Khairullin, Ildar"]
[Black "Bachmann, Axel"]
[Result "1/2-1/2"]
[WhiteTitle "GM"]
[BlackTitle "GM"]
[WhiteElo "2629"]
[BlackElo "2649"]
[WhiteFideId "4151348"]
[BlackFideId "3700488"]
[EventDate "2016.07.25"]

1. e4 e5 2. Nf3 Nc6 3. Bb5 a6 4. Ba4 Nf6 5. O-O Be7 6. Re1 b5 7. Bb3 d6 8. c3
O-O 9. h3 Na5 10. Bc2 c5 11. d4 Nd7 12. Nbd2 exd4 13. cxd4 Nc6 14. d5 Nce5 15.
a4 Rb8 16. Nxe5 Nxe5 17. f4 Ng6 18. Nf3 f5 19. e5 Bb7 20. e6 Qa5 21. Kh2 Rbc8
22. Rb1 bxa4 23. Ra1 c4 24. Rxa4 Qxd5 25. Qxd5 Bxd5 26. Nd4 Nh4 27. g3 Nf3+ 28.
Nxf3 Bxf3 29. Rxa6 d5 30. Be3 Rb8 31. Bd4 Bf6 32. Bxf6 Rxf6 33. b3 Be4 34. Bxe4
dxe4 35. bxc4 1/2-1/2

[Event "49th Biel Master Open"]
[Site "Biel SUI"]
[Date "2016.07.31"]
[Round "6.4"]
[White "Sasikiran, Krishnan"]
[Black "Baklan, Vladimir"]
[Result "1/2-1/2"]
[WhiteTitle "GM"]
[BlackTitle "GM"]
[WhiteElo "2639"]
[BlackElo "2618"]
[WhiteFideId "5004985"]
[BlackFideId "14102196"]
[EventDate "2016.07.25"]

1. d4 Nf6 2. c4 e6 3. Nf3 b6 4. g3 Bb7 5. Bg2 Be7 6. O-O O-O 7. d5 exd5 8. Nh4
c6 9. cxd5 Nxd5 10. Nf5 Nc7 11. e4 d5 12. Nc3 Nba6 13. exd5 cxd5 14. Bf4 Bf6 15.
Re1 Bc8 16. Nd6 Bxc3 17. bxc3 Be6 18. Qh5 Qf6 19. c4 Qg6 20. Qh4 Nc5 21. Qe7 Nd3
22. Re3 Rad8 23. Qxc7 Nxf4 24. gxf4 Rd7 25. Qc6 Bf5 26. cxd5 Rxd6 27. Qc3 Rxd5
28. Rg3 Rd3 29. Qe5 Rxg3 30. hxg3 Qf6 31. Re1 Qxe5 32. Rxe5 Be6 33. Bd5 Re8 34.
Bxe6 fxe6 35. Re2 Kf7 36. Rc2 e5 37. f5 e4 38. Kf1 Re5 39. Rc7+ Re7 40. Rc6 e3
41. f4 e2+ 42. Ke1 h5 43. Rg6 Re4 44. Rg5 h4 45. gxh4 Rxf4 46. h5 Ra4 47. Kxe2
Rxa2+ 48. Ke3 Ra4 49. Rg6 Rh4 50. Rc6 Rxh5 51. Kf4 Rh4+ 52. Ke5 Ra4 53. Rc7+ Kg8
54. Rb7 Ra1 55. Ke4 Kf8 56. Kf4 Ra5 57. Kg5 Ra1 58. Kh5 Kg8 59. Kg5 Kh7 60. f6
Rg1+ 61. Kh5 Kg8 62. f7+ Kf8 63. Rxa7 Rg2 1/2-1/2

[Event "49th Biel Master Open"]
[Site "Biel SUI"]
[Date "2016.07.31"]
[Round "6.5"]
[White "Vitiugov, Nikita"]
[Black "Kovchan, Alexander"]
[Result "1-0"]
[WhiteTitle "GM"]
[BlackTitle "GM"]
[WhiteElo "2728"]
[BlackElo "2576"]
[WhiteFideId "4152956"]
[BlackFideId "14103052"]
[EventDate "2016.07.25"]

1. e4 c5 2. Nf3 d6 3. d4 cxd4 4. Nxd4 Nf6 5. Nc3 a6 6. Nb3 g6 7. Be2 Bg7 8. Be3
Nc6 9. Nd5 O-O 10. Bb6 Qd7 11. f3 Nh5 12. Be3 Rb8 13. g4 Nf6 14. Nb6 Qc7 15. h4
Be6 16. c4 h5 17. Nd5 Bxd5 18. cxd5 Ne5 19. Rc1 Qd7 20. gxh5 gxh5 21. Nd4 e6 22.
Rg1 exd5 23. Bh6 Ng6 24. Bxg7 Kxg7 25. Nf5+ Kg8 26. Qd4 Qe6 27. Rc7 Rbe8 28. Qd2
Nh7 29. Qh6 Qf6 30. Rxf7 1-0

[Event "49th Biel Master Open"]
[Site "Biel SUI"]
[Date "2016.07.31"]
[Round "6.6"]
[White "Gozzoli, Yannick"]
[Black "Rodshtein, Maxim"]
[Result "1/2-1/2"]
[WhiteTitle "GM"]
[BlackTitle "GM"]
[WhiteElo "2571"]
[BlackElo "2698"]
[WhiteFideId "616915"]
[BlackFideId "2806851"]
[EventDate "2016.07.25"]

1. d4 Nf6 2. c4 e6 3. Nf3 Bb4+ 4. Bd2 Qe7 5. g3 Bxd2+ 6. Qxd2 Nc6 7. Nc3 d5 8.
Ne5 dxc4 9. Nxc6 bxc6 10. Bg2 O-O 11. O-O Rb8 12. Rfd1 Qb4 13. Rab1 Rb6 14. b3
cxb3 15. Rxb3 Qc4 16. Ra3 Ra6 17. Rb3 Rb6 18. Ra3 Ra6 1/2-1/2

[Event "49th Biel Master Open"]
[Site "Biel SUI"]
[Date "2016.07.31"]
[Round "6.7"]
[White "Saric, Ivan"]
[Black "Kraemer, Martin"]
[Result "1-0"]
[WhiteTitle "GM"]
[BlackTitle "GM"]
[WhiteElo "2660"]
[BlackElo "2567"]
[WhiteFideId "14508150"]
[BlackFideId "4671910"]
[EventDate "2016.07.25"]

1. e4 c5 2. Nf3 d6 3. d4 cxd4 4. Nxd4 Nf6 5. Nc3 a6 6. h3 e6 7. g4 Be7 8. Bg2
Nfd7 9. Be3 Nc6 10. h4 O-O 11. g5 Rb8 12. f4 Nxd4 13. Qxd4 e5 14. Qd2 exf4 15.
Bxf4 Ne5 16. Nd5 Bg4 17. O-O Rc8 18. Qb4 Re8 19. Qxb7 Rxc2 20. Ne3 Bc8 21. Qb3
Rc5 22. Nd5 Be6 23. Rad1 Rb5 24. Qa4 Bxd5 25. Rxd5 Qb6+ 26. Kh1 Rc8 27. Rxb5
Qxb5 28. Qxb5 axb5 29. Rc1 Rxc1+ 30. Bxc1 Nd3 31. Bd2 Nxb2 32. Bf1 Nc4 33. Bxc4
bxc4 34. a4 Kf8 35. a5 Bd8 36. a6 Bb6 37. Kg2 Ke7 38. Kf3 Kd7 39. Be3 Kc6 40. a7
Bxa7 41. Bxa7 d5 42. Bd4 g6 1-0

[Event "49th Biel Master Open"]
[Site "Biel SUI"]
[Date "2016.07.31"]
[Round "6.8"]
[White "Bellahcene, Bilel"]
[Black "Meier, Georg"]
[Result "1/2-1/2"]
[WhiteTitle "IM"]
[BlackTitle "GM"]
[WhiteElo "2498"]
[BlackElo "2657"]
[WhiteFideId "696358"]
[BlackFideId "4675789"]
[EventDate "2016.07.25"]

1. d4 Nf6 2. c4 e6 3. g3 d5 4. Nf3 Bb4+ 5. Bd2 Bd6 6. Bg2 c6 7. O-O Nbd7 8. b3
Ne4 9. Nc3 Nxd2 10. Nxd2 O-O 11. e4 Bb4 12. Qc2 dxc4 13. Nxc4 Nb6 14. Ne2 Nxc4
15. Qxc4 Qe7 16. e5 Rd8 17. Rfd1 Bd7 18. Nc3 Be8 19. Rac1 Rac8 20. h4 Kh8 21.
Kh2 a5 22. Qe2 Rc7 23. Rd3 Rcd7 24. Rcd1 Qf8 25. Bh3 Qg8 26. Qe4 Be7 27. Qe1 Bb4
28. Qe4 Be7 29. Qe1 Bb4 30. Qe4 Be7 31. Qe1 1/2-1/2

[Event "49th Biel Master Open"]
[Site "Biel SUI"]
[Date "2016.07.31"]
[Round "6.9"]
[White "Sethuraman, S.P."]
[Black "Vernay, Clovis"]
[Result "1-0"]
[WhiteTitle "GM"]
[BlackTitle "IM"]
[WhiteElo "2656"]
[BlackElo "2507"]
[WhiteFideId "5021596"]
[BlackFideId "633046"]
[EventDate "2016.07.25"]

1. d4 d5 2. c4 c6 3. Nf3 Nf6 4. e3 Bf5 5. Nc3 e6 6. Nh4 Bg6 7. Nxg6 hxg6 8. Bd2
Nbd7 9. Qc2 a6 10. O-O-O Bd6 11. Kb1 Ng4 12. Bc1 f5 13. f3 Rxh2 14. Rxh2 Nxh2
15. Be2 Qh4 16. cxd5 exd5 17. e4 dxe4 18. fxe4 O-O-O 19. exf5 gxf5 20. Qxf5 Rf8
21. Qe6 Qf6 22. d5 Be5 23. Ne4 Qf5 24. Bd3 Qg4 25. Nc5 Qxe6 26. Nxe6 Rf2 27.
dxc6 Nf8 28. cxb7+ Kxb7 29. Be4+ 1-0

[Event "49th Biel Master Open"]
[Site "Biel SUI"]
[Date "2016.07.31"]
[Round "6.10"]
[White "Stany, G.A."]
[Black "Edouard, Romain"]
[Result "1/2-1/2"]
[WhiteTitle "IM"]
[BlackTitle "GM"]
[WhiteElo "2476"]
[BlackElo "2639"]
[WhiteFideId "5029104"]
[BlackFideId "633429"]
[EventDate "2016.07.25"]

1. e4 c5 2. Nf3 d6 3. d4 cxd4 4. Nxd4 Nf6 5. Nc3 Nc6 6. Be3 Ng4 7. Bb5 Nxe3 8.
fxe3 Bd7 9. O-O e6 10. Bxc6 bxc6 11. Qf3 Qf6 12. Qe2 Qg5 13. Rf3 e5 14. Nxc6
Bxc6 15. Qa6 Bd7 16. Nd5 Rc8 17. Qxa7 Rxc2 18. Rf2 Rxf2 19. Qb8+ Qd8 20. Nc7+
Ke7 1/2-1/2

[Event "49th Biel Master Open"]
[Site "Biel SUI"]
[Date "2016.07.31"]
[Round "6.11"]
[White "Henrichs, Thomas"]
[Black "Balogh, Csaba"]
[Result "1-0"]
[WhiteTitle "IM"]
[BlackTitle "GM"]
[WhiteElo "2471"]
[BlackElo "2635"]
[WhiteFideId "4626605"]
[BlackFideId "718939"]
[EventDate "2016.07.25"]

1. e4 e5 2. Nf3 Nc6 3. Bb5 Nf6 4. d3 d6 5. O-O Be7 6. c3 O-O 7. Nbd2 Bd7 8. Re1
Re8 9. Ba4 Bf8 10. Nf1 Ne7 11. Bb3 Ng6 12. Ng3 h6 13. d4 c5 14. a4 Qc7 15. h3
cxd4 16. cxd4 exd4 17. Nxd4 d5 18. exd5 Rxe1+ 19. Qxe1 Re8 20. Be3 Nf4 21. d6
Qxd6 22. Rd1 N4d5 23. Nde2 Qe5 24. Bd4 Qg5 25. Qd2 Qxd2 26. Rxd2 Bb4 27. Rd1 a5
28. Bxf6 Nxf6 29. Nh5 Bxa4 30. Bxa4 Rxe2 31. Rd8+ Bf8 32. Nxf6+ gxf6 33. b3 Kg7
34. Rd7 Bc5 35. Rxb7 Rxf2 36. g3 Rc2+ 37. Kf1 Bd6 38. Be8 Kf8 39. Bxf7 Bxg3 40.
Bg6 Rc3 41. Rf7+ Kg8 42. Ra7 Bc7 43. h4 Kf8 44. h5 Ke7 45. Rb7 Kd6 46. Ke2 Ke5
47. Rb5+ Kd4 48. Bf7 Re3+ 49. Kf2 Re7 50. Bg6 Re6 51. Rb7 Bb6 52. Bf7 Rd6 53.
Kf3 Ke5 54. Re7+ Kf5 55. Bg6+ Kg5 56. Be4 Kxh5 57. Rg7 Rd2 58. Kg3 Rf2 59. Bg6+ 1-0

[Event "49th Biel Master Open"]
[Site "Biel SUI"]
[Date "2016.07.31"]
[Round "6.12"]
[White "Shyam, Sundar M."]
[Black "Jumabayev, Rinat"]
[Result "0-1"]
[WhiteTitle "GM"]
[BlackTitle "GM"]
[WhiteElo "2526"]
[BlackElo "2613"]
[WhiteFideId "5019141"]
[BlackFideId "13702661"]
[EventDate "2016.07.25"]

1. e4 e5 2. Nf3 Nc6 3. Bb5 a6 4. Ba4 Nf6 5. O-O Be7 6. Re1 b5 7. Bb3 d6 8. c3
O-O 9. h3 Nb8 10. d4 Nbd7 11. Nbd2 Bb7 12. Bc2 Re8 13. Nf1 Bf8 14. Ng3 g6 15. a4
Nb6 16. b3 bxa4 17. bxa4 a5 18. Rb1 Ba6 19. h4 Qc8 20. h5 Qg4 21. hxg6 hxg6 22.
Bb3 Bc4 23. Bxc4 Nxc4 24. Qb3 Nb6 25. Be3 exd4 26. Bxd4 Nxe4 27. Nh2 Qf4 28. Be3
Nc5 29. Qd1 Qh4 30. Qf3 Bg7 31. Ng4 Nbd7 32. Bd4 Rab8 33. Rxb8 Rxb8 34. Ne4 Nxe4
35. Qxe4 Qg5 36. Bxg7 Kxg7 37. Qd4+ Nf6 38. f3 Qh4 39. Kf1 Rb2 40. Qxf6+ Qxf6
41. Nxf6 Kxf6 42. Re4 Rc2 43. Re3 Ra2 44. Re4 d5 45. Rf4+ Ke7 46. Rd4 c6 47. Rh4
Ra3 48. Rh8 Rxa4 49. Ra8 Rc4 0-1

[Event "49th Biel Master Open"]
[Site "Biel SUI"]
[Date "2016.07.31"]
[Round "6.13"]
[White "Swayams, Mishra"]
[Black "Salem, A.R. Saleh"]
[Result "0-1"]
[WhiteTitle "IM"]
[BlackTitle "GM"]
[WhiteElo "2457"]
[BlackElo "2608"]
[WhiteFideId "5028183"]
[BlackFideId "9301348"]
[EventDate "2016.07.25"]

1. d4 Nf6 2. c4 e6 3. Nc3 Bb4 4. e3 O-O 5. Ne2 d5 6. a3 Be7 7. cxd5 exd5 8. Nf4
c6 9. Bd3 Bd6 10. O-O Re8 11. f3 b6 12. Bc2 Ba6 13. Re1 Qc7 14. g3 Nbd7 15. e4
dxe4 16. fxe4 Rad8 17. Be3 Qc8 18. Qf3 c5 19. Nfd5 Nxd5 20. exd5 Rxe3 21. Rxe3
cxd4 22. Bxh7+ Kxh7 23. Ne4 Be7 24. Qxf7 dxe3 25. Qf5+ Kh8 26. Qh3+ Bh4 27. Nd6
Qc2 28. Qxh4+ Kg8 29. Qxd8+ Nf8 30. Qe7 Qf2+ 31. Kh1 e2 32. Rg1 Qf3+ 33. Rg2
e1=R+ 34. Qxe1 Bf1 35. Qf2 Bxg2+ 36. Kg1 Qd1+ 37. Kxg2 Qxd5+ 38. Qf3 Qxd6 39. b4
Qe5 40. h4 a5 41. bxa5 bxa5 42. Qb3+ Ne6 43. Qc4 Kf7 44. Qb3 Qe4+ 45. Kh2 a4 46.
Qc3 Nd4 47. Qc4+ Kg6 48. Kh3 Qf5+ 49. Kg2 Qc2+ 0-1

[Event "49th Biel Master Open"]
[Site "Biel SUI"]
[Date "2016.07.31"]
[Round "6.14"]
[White "Gaehwiler, Gabriel"]
[Black "Kunin, Vitaly"]
[Result "0-1"]
[WhiteTitle "FM"]
[BlackTitle "GM"]
[WhiteElo "2392"]
[BlackElo "2592"]
[WhiteFideId "1314530"]
[BlackFideId "4128737"]
[EventDate "2016.07.25"]

1. d4 Nf6 2. c4 e6 3. Nf3 c5 4. Nc3 cxd4 5. Nxd4 a6 6. g3 Be7 7. Bg2 O-O 8. O-O
Qc7 9. Na4 d6 10. b3 Bd7 11. Rb1 Nc6 12. Bb2 Rab8 13. Qd2 Ne5 14. Qb4 b5 15.
cxb5 axb5 16. Nc3 Qb6 17. a4 bxa4 18. Qxb6 Rxb6 19. Nxa4 Ra6 20. Ra1 Rb8 21. Nc3
Rxa1 22. Rxa1 d5 23. Nb1 Ng6 24. Nd2 e5 25. N4f3 Bb4 26. Rd1 Re8 27. Ne1 Bb5 28.
Nd3 Bd6 29. Nb1 d4 30. Na3 Rb8 31. Nxb5 Rxb5 32. b4 Ne7 33. Ra1 Rb8 34. Ra6 Bc7
35. Ra7 Ned5 36. Bc1 h6 37. Bd2 Bb6 38. Ra1 e4 39. Nf4 Re8 40. Rc1 g5 41. Nxd5
Nxd5 42. Rc6 Kg7 43. Rd6 Re5 44. f4 gxf4 45. gxf4 e3 46. Be1 Nxf4 47. Rxb6 Nxe2+
48. Kh1 Nf4 49. Rd6 Nd3 50. Bh4 e2 51. Bf3 e1=Q+ 52. Bxe1 Nxe1 53. Bd1 Nd3 54.
Kg2 Nxb4 55. Rxd4 Nd5 56. Bf3 Ne3+ 57. Kf2 Nf5 58. Ra4 Kf6 59. Bg4 Ne7 60. Bf3
Rb5 61. Ra6+ Kg7 62. Ra2 Ng6 63. Rc2 Ne5 64. Be2 Rb3 65. Rd2 Rh3 66. Kg2 Ra3 67.
Kf2 Kg6 68. Rd6+ f6 69. Rd8 Kf5 70. Rh8 Nf7 71. Rb8 Ng5 72. Rb5+ Kf4 73. Rb2 f5
74. Kg2 Ke3 75. Bh5 f4 76. Re2+ Kd4 77. Rd2+ Ke3 78. Re2+ Kd4 79. Rd2+ Ke4 80.
Re2+ Kf5 81. Rf2 Rc3 82. Bd1 Ne6 83. Rd2 Ke5 84. Re2+ Kf6 85. Rf2 Kg5 86. Rd2
Ng7 87. Bc2 Kg4 88. Bd1+ Kg5 89. Bc2 Kh4 90. Kf2 Ne6 91. Bf5 Ng7 92. Bc2 Ne8 93.
Bd1 Nf6 94. Bf3 h5 95. Rd4 Rc2+ 96. Kg1 Rc1+ 97. Kf2 Rc2+ 98. Kg1 Kg5 99. Rd8
Rb2 100. Rc8 Ng4 101. Bxg4 hxg4 102. Rf8 0-1

[Event "49th Biel Master Open"]
[Site "Biel SUI"]
[Date "2016.07.31"]
[Round "6.15"]
[White "Haimovich, Tal"]
[Black "Erdos, Viktor"]
[Result "0-1"]
[WhiteTitle "IM"]
[BlackTitle "GM"]
[WhiteElo "2383"]
[BlackElo "2578"]
[WhiteFideId "2801698"]
[BlackFideId "719978"]
[EventDate "2016.07.25"]

1. e4 e5 2. Nf3 Nc6 3. Bb5 a6 4. Ba4 Nf6 5. O-O Be7 6. Re1 b5 7. Bb3 d6 8. c3
O-O 9. h3 Bb7 10. d4 Nd7 11. Nbd2 exd4 12. cxd4 Bf6 13. Nf1 Na5 14. Bc2 Re8 15.
Qd3 Nf8 16. N1h2 c5 17. d5 Bc8 18. Ng4 Bxg4 19. hxg4 h6 20. Rb1 Nc4 21. b3 Ne5
22. Nxe5 Bxe5 23. g3 Qa5 24. Re2 Qxa2 25. g5 hxg5 26. Bxg5 Rac8 27. Kg2 c4 28.
Qd1 cxb3 29. Bxb3 Qa5 30. Ra2 Qb6 31. Be3 Qb7 32. Qh5 Bf6 33. Bc2 g6 34. Qg4 Qd7
35. Qe2 Ra8 36. Bd3 Qe7 37. Rc1 b4 38. Rc6 a5 39. Qc2 Nd7 40. Rc7 Qd8 41. Rb7
Re7 42. Rb5 Kg7 43. Qc4 Nc5 44. Be2 Qc8 0-1